| 000 | 00000cam 2200000zi 4500 |
| 001 | 9.962618 |
| 003 | CaOODSP |
| 005 | 20260511144644 |
| 006 | m o d f |
| 007 | cr bn||||||||| |
| 008 | 260507e20260506onc ol f000 0 fre d |
| 040 | |aCaOODSP|bfre|erda|cCaOODSP |
| 041 | 0 |aeng|afre |
| 043 | |an-cn--- |
| 086 | 1 |aXB451-31/1-PDF |
| 110 | 1 |aCanada. |bParlement. |bChambre des communes, |eorganisme de publication. |
| 245 | 12|aA second Act to implement certain provisions of the budget tabled in Parliament on November 4, 2025 = |bLoi no 2 portant exécution de certaines dispositions du budget déposé au Parlement le 4 novembre 2025. |
| 246 | 11|aLoi no 2 portant exécution de certaines dispositions du budget déposé au Parlement le 4 novembre 2025 |
| 246 | 1 |iTitre abrégé : |aLoi no 2 d’exécution du budget de 2025 |
| 264 | 1|a[Ottawa] : |bHouse of Commons of Canada = Chambre des communes du Canada, |cle 6 mai 2026. |
| 300 | |a1 ressource en ligne (xii, 331 pages). |
| 336 | |atexte|btxt|2rdacontent/fre |
| 337 | |ainformatique|bc|2rdamedia/fre |
| 338 | |aressource en ligne|bcr|2rdacarrier/fre |
| 490 | 1 |aProjet de loi C-... ; |vProjet de loi C-31, 1re session, 45e législature |
| 500 | |a« Première session, quarante-cinquième législature, 3-4 Charles III, 2025-2026. » |
| 500 | |a« Première lecture le 6 mai 2026. » |
| 500 | |a« Ministre des Finances et du Revenu National. » |
| 520 | |a« Son Excellence la gouverneure générale recommande à la Chambre des communes l’affectation de deniers publics dans les circonstances, de la manière et aux fins prévues dans une mesure intitulée « Loi no 2 portant exécution de certaines dispositions du budget déposé au Parlement le 4 novembre 2025 » » -- Recommandation, page ii. |
| 546 | |aTexte en anglais et en français. |
| 650 | 6|aBudget|xDroit|zCanada|vLégislation. |
| 650 | 6|aDroit fiscal|zCanada|vLégislation. |
| 650 | 6|aImpôt sur le revenu|xDroit|zCanada|vLégislation. |
| 650 | 6|aAmendements (Procédure parlementaire)|zCanada. |
| 655 | 7|aProjets de loi|2rvmgf |
| 788 | |tA second Act to implement certain provisions of the budget tabled in Parliament on November 4, 2025 = |eeng|w(CaOODSP)9.962617 |
| 830 | #0|aProjet de loi C-...|vProjet de loi C-31, 1re session, 45e législature.|w(CaOODSP)9.500660 |
| 856 | 40|qPDF|s3.32 Mo|uhttps://publications.gc.ca/collections/collection_2026/parl/XB451-31-1.pdf |
| 856 | 4 |qHTML|sS.O.|uhttps://www.parl.ca/documentviewer/fr/45-1/projet-loi/C-31/premiere-lecture |